America latina: demografia (monografia) /

Guardado en:
Formato: Libro
Publicado: : , 1987
Materias:
Fc
Etiquetas: Agregar Etiqueta
Sin Etiquetas, Sea el primero en etiquetar este registro!
LEADER 00388nam a22001455a 4500
001 CEM.cems007734
005 20060214000000.0
008 130507s1987##################000#0#####d
003 CEMS
082 0 4 |a F312 
245 0 0 |a America latina: demografia (monografia) / 
260 |a  :  |b ,  |c 1987 
653 |a America latina-demografia 
653 |a Fc 
859 |a CEMS  |b BIB. CEMS - 11 de abril  |h F312  |i 1  |p 99.44  |t Ej.1